000 00485nam a2200181Ia 4500
003 IEPS
005 20250703135254.0
008 250223s9999||||xx |||||||||||||| ||und||
040 _CIEPS
041 _aara
082 _a150.28
100 _aمسعد عبد الرحمان
245 0 _aالقياس النفسي
260 _aالجيزة
_bهبة النيل
_c2009
300 _a423ص.
_bجداول
_c24سم.
653 _aعلم النفس- طرق القياس
942 _cكتاب
999 _c12005
_d12005